Socialistické soudnictví časopis pro soudnou praxi

Podrobná bibliografia
Predchádzajúci názov:Soudce z lidu
Médium: Časopis
Jazyk:čeština
Vydavateľské údaje: Praha Právnický ústav Ministerstva spravedlnosti 1961-1969
Predmet:

MARC

LEADER 00000nas a2200000 a 4500
001 vtls010370439
003 SK-MaSNL
005 20260228164236.0
008 120517d19611969xr mr p 0 b0cze c
040 |a SVKBB  |b slo  |c SVKBB  |e AACR2 
041 0 |a cze 
044 |a xr  |c CZ 
072 7 |a 347.9  |x Občianske súdne konanie. Súdnictvo  |2 konspekt 
080 |a 347.99 
080 |a 050 
245 0 0 |a Socialistické soudnictví  |b časopis pro soudnou praxi 
260 |a Praha  |b Právnický ústav Ministerstva spravedlnosti  |c 1961-1969 
310 |a 1x mesačne 
362 0 |a 1=12 (1961) - 7=18 (1967) ; 8 (1968) - 9 (1969) 
650 0 7 |a súdnictvo  |2 SNKPH  |9 2632 
650 0 7 |a súdy  |2 SNKPH  |9 4646 
780 0 0 |t Soudce z lidu 
852 |a Štátna vedecká knižnica v Banskej Bystrici 
999 |c 12866  |d 14796 
952 |0 0  |1 1  |4 0  |7 0  |a SNK  |b SNK  |d 2012-08-17  |i snkČIP 219/67  |l 0  |o snkČD 429/3/1963  |p 17A1020132  |r 2026-02-21 21:02:09  |w 2026-02-21  |y PREZ 
952 |0 0  |1 1  |4 0  |7 0  |a SNK  |b SNK  |d 2012-08-17  |i snkČIP 262/66  |l 0  |o snkČD 429/4/1964  |p 17A1020115  |r 2026-02-21 21:02:11  |t č.1-12  |w 2026-02-21  |y PREZ